El capitán Alatriste / (Record no. 188469)

MARC details
000 -LEADER
campo de control de longitud fija 00906nam a2200253 i 4500
001 - NÚMERO DE CONTROL
campo de control 188469
003 - IDENTIFICADOR DE NÚMERO DE CONTROL
campo de control SpMaBN
005 - FECHA Y HORA DE LA ÚLTIMA TRANSACCIÓN
campo de control 20240129165452.0
008 - DATOS DE LONGITUD FIJA--INFORMACIÓN GENERAL
campo de control de longitud fija 181120s2004 sp |||| | spa d
020 ## - NÚMERO INTERNACIONAL ESTÁNDAR DEL LIBRO
Número Internacional Estándar del Libro 84-204-4290-9
080 ## - NÚMERO DE LA CLASIFICACIÓN DECIMAL UNIVERSAL
Número de la Clasificación Decimal Universal 821.134.2-31"19"
100 1# - ENTRADA PRINCIPAL--NOMBRE DE PERSONA
Nombre de persona Pérez-Reverte, Arturo,
Fechas asociadas al nombre 1951-
9 (RLIN) 226783
245 13 - MENCIÓN DEL TÍTULO
Título El capitán Alatriste /
Mención de responsabilidad, etc. Arturo y Carlota Pérez-Reverte.
260 ## - PUBLICACIÓN, DISTRIBUCIÓN, ETC.
Lugar de publicación, distribución, etc. Madrid :
Nombre del editor, distribuidor, etc. Alfaguara,
Fecha de publicación, distribución, etc. 2004.
300 ## - DESCRIPCIÓN FÍSICA
Extensión 247, [6] p. :
Otras características físicas il. ;
Dimensiones 20 cm.
490 1# - MENCIÓN DE SERIE
Mención de serie Las aventuras del capitán Alatriste ;
Designación de volumen o secuencia 1
700 1# - ENTRADA AGREGADA--NOMBRE PERSONAL
Nombre de persona Pérez-Reverte, Carlota,
Fechas asociadas al nombre 1983-
9 (RLIN) 165609
830 #4 - PUNTO DE ACCESO ADICIONAL DE SERIE-TÍTULO UNIFORME
9 (RLIN) 176650
Título uniforme Las aventuras del capitán Alatriste ;
Designación de volumen o secuencia 1
852 ## - LOCALIZACIÓN
Ubicación ES-MaACL
Número de control de estantería A-14274
itemnumber 195599
Sublocalización o colección R.151614
Ubicación en estantería Depósito 1
Signatura antigua Olim: N-7274
Donativo/Legado Donante: José Lázaro
903 ## - NOMBRE PERSONAL DE DONANTE
9 234219
a Lázaro García, José
e Donante
942 ## - ELEMENTOS DE ENTRADA SECUNDARIOS (KOHA)
Fuente del sistema de clasificación o colocación Clasificación decimal universal
Tipo de ítem Koha Libro impreso
Holdings
Estatus retirado Estado de pérdida Fuente del sistema de clasificación o colocación Estado de daño No para préstamo Biblioteca de origen Biblioteca actual Ubicación en estantería Fecha de adquisición Fuente de adquisición Total de préstamos Signatura topográfica completa Código de barras Visto por última vez Precio de reemplazo Tipo de ítem Koha
    Clasificación decimal universal     Biblioteca del Ateneo de Madrid Biblioteca del Ateneo de Madrid Depósito 1 20/11/2018 Donación   A-14274 1199374 23/02/2023 23/02/2023 Libro impreso